MDQL
is popping MORE tags! Check the
thread
!
Quizzes
Events
Quiz Creation
Community
Videos
Private Events
Remove Ads
Sign In
Join for FREE
Feedback
Dark Mode
Quiz Categories
Sports
Geography
Music
Movies
Television
Just For Fun
Miscellaneous
History
Literature
Language
Science
Gaming
Entertainment
Religion
Holiday
For Kids
Quiz Lab
Recent
Popular Today
Quiz Kudos Today
Editor Picks
Curator Picks
Quizzes by...
Day
Popularity
Type
Ratings
Length
Year
Community
Subscriptions
Recent Discussions
Orange Saloon
Badges
Playlists
Quests
Create
Leaderboards
Showdown
Live 5
Trivia Bingo
Activity
Puzzle Library
Sporcle Events
Private Events
Virtual Trivia
Globe League
Become a Host
Pub Owners
SporcleCon
Opinionation
Our Games
Videos
Blog
Mobile Apps
Partnerships
Remove Ads and Go Orange
Feedback
Entertainment
Celebrity
Famous
Musical
Broadway
Show
Quote
Comic Books
Anime
Superhero
DC Comics
Marvel
Cartoons
Animation
Entertainment
Celebrity
Famous
Musical
Broadway
Show
Quote
Comic Books
Anime
Superhero
DC Comics
Marvel
Cartoons
Animation
Random Quiz
Search Sporcle
×
Quiz Lab
Quiz Lab
Entertainment
Marvel
Type in answers that appear in a list
Type in answers that appear in a list
Classic
Best Score? Go Orange.
Marvel: Story-Arc: Avengers vs. X-Men Stats
Can You Name The Marvel Universe Characters From The X-Men vs. Avengers Story-Arc?
By
Sepa
15m
133 Questions
1,226 Plays
1,226 Plays
1,226 Plays
Comments
Comments
Give Quiz Kudos
Give Quiz Kudos
-
- Ratings
hide this ad
More Info
Replay
Link that replays current quiz
Next Quiz
Link to next quiz in quiz playlist
You Got
0%
They Got
Avg Score
65%
Avg Friend Score
Upgrade to see
Score Distribution
Jump to the score distribution portion of the page
Score
0/133
Timer
15:00
0
Plays Today
Rank
X-Men & Avengers Characters
% Correct
X-
Men
Cyclops (Dark Phoenix)
96.8%
X-
Men
Colossus (Phoenix)
95.5%
Avengers
Iron Patriot (War Machine)
95.1%
X-
Men..
Wolverine
94.9%
Avengers..
Wolverine
94.9%
X-
Men
Beast
94.9%
Avengers
Beast
94.9%
Avengers
Iron Man (Tony Stark)
94.5%
X-
Men
Emma Frost (Phoenix)
93.6%
X-
Men.
Namor the Sub-Mariner (Phoenix)
93.1%
Avengers
Captain America (Steve Rogers)
92.8%
X-
Men..
Storm
92.2%
Avengers..
Storm
92.2%
X-
Men.
Magik (Phoenix)
92.1%
Avengers
Hulk
91.6%
Avengers..
Thor
90.9%
X-
Men.
Magneto
90.1%
X-
Men..
Professor X
90%
X-
Men
Angel (Archangel)
89.9%
X-
Men..
Rachel Grey (Marvel Girl)
89.6%
Avengers
Hawkeye (Clint Barton)
89.2%
X-
Men..
Rogue
88.7%
X-
Men
Iceman
88.5%
Avengers..
Spider-Man (Peter Parker)
88.3%
Avengers
Black Widow (Natalia Romanova)
88%
Avengers
Dr. Henry Pym
87.4%
Avengers.
Scarlet Witch
86.8%
Avengers.
Quicksilver
86.4%
Avengers
Black Panther (T'Challa)
84.7%
Avengers
Captain Marvel (Carol Danvers)
84.5%
X-
Men
Gambit
83.3%
X-
Men
Havok
82.2%
Avengers.
She-Hulk (Lyra)
82.1%
Avengers.
She-Hulk (Jennifer Walters)
81.8%
Avengers
Luke Cage (Power Man)
81.5%
X-
Men..
Psylocke
81.2%
X-
Men..
Shadowcat
81.1%
Avengers
Iron Fist
81%
X-
Men
Hope Summers (Phoenix)
80.8%
Avengers..
Spider-Woman (Jessica Drew)
80.4%
X-
Men
Cannonball
79.6%
Avengers..
X-23
79.6%
X-
Men..
Sunspot
79.1%
Avengers..
Vision (Victor Shade)
78.2%
X-
Men.
Phoenix Force
78.1%
Rank
X-Men & Avengers Characters
% Correct
Avengers
Doctor Strange
77.1%
X-
Men.
Polaris
77%
Avengers..
Thing
75.5%
Avengers.
Red Hulk (General Ross)
75.3%
X-
Men
Jubilee
75.2%
Avengers
Daredevil
74.7%
X-
Men..
Warpath
74.4%
Avengers
Marvel Boy (Noh-Varr)
73.7%
X-
Men
Dazzler
71.5%
Avengers
Captain Britain (Brian Braddock)
71.2%
X-
Men.
Magma
70.7%
Avengers
Falcon
68.8%
X-
Men
Karma
68.6%
X-
Men
Domino
68.4%
Avengers
Hercules
66.8%
X-
Men.
Pixie
66.1%
X-
Men
Armor
65.7%
X-
Men..
Toad
65.4%
Avengers
Jessica Jones (Power Woman)
65.2%
X-
Men..
Rockslide
64.5%
X-
Men
Anole
64.4%
Avengers.
Mockingbird
63.7%
X-
Men
Husk
63.5%
X-
Men
Danger
62.8%
X-
Men..
Warlock
62.7%
Avengers..
Tigra
62.5%
X-
Men
Kid Omega
62.3%
X-
Men
Dust
62%
X-
Men
Boom-Boom
61.7%
X-
Men..
X-Man (Earth-295, AoA)
61.3%
X-
Men
Doctor Nemesis
60.9%
X-
Men
Celeste Cuckoo
60.6%
X-
Men.
Phoebe Cuckoo
60.4%
X-
Men.
Mindee Cuckoo
60.3%
X-
Men
Hellion
59.4%
X-
Men..
Surge
58.6%
Avengers..
Valkyrie (Brunnhilde)
58.5%
Avengers.
Moon Knight
58.1%
X-
Men.
Lockheed
56.7%
X-
Men
Chamber
56.2%
X-
Men.
Oya
55.6%
X-
Men.
Loa
55.1%
Avengers
Loa
55.1%
X-
Men.
Mercury
54.2%
X-
Men..
Transonic
53.8%
Rank
X-Men & Avengers Characters
% Correct
X-
Men..
Velocidad
53.5%
X-
Men
Kid Gladiator
52.5%
X-
Men.
Madison Jeffires (Box)
52.4%
X-
Men
Bling!
52.2%
X-
Men
Blindfold
52%
X-
Men..
Sebastian Shaw (Black King)
51.7%
X-
Men..
Prodigy (David Alleyne)
51.1%
X-
Men.
Mimic
50.6%
X-
Men.
Primal
50%
X-
Men
Glob Herman
49.7%
X-
Men
Dr. Kavita Rao
49.4%
X-
Men
Hepzibah
48.9%
X-
Men
Doop
47.5%
X-
Men
Broo
47.3%
X-
Men.
Legion
47.1%
X-
Men
Frenzy
47%
X-
Men
Dr. Cecilia Reyes
46.3%
Avengers
Hazmat
45.8%
X-
Men.
No-Girl
45.4%
X-
Men..
Trance
44.9%
X-
Men
Gentle
44.9%
X-
Men
Genesis (Evan Sabahnur)
44.5%
X-
Men
Cipher
43.2%
X-
Men.
Match
43%
Avengers.
Sharon Carter (Agent 13)
42.8%
Avengers.
Reptil
42.7%
Avengers.
Mettle
42.2%
X-
Men..
Warbird (Ava'Dara Naganandini)
39.9%
Avengers
Finesse
39.2%
Avengers..
White Tiger (Ava Alaya)
39.1%
Avengers
Hollow
38.6%
Avengers.
Power Man (Victor Alvarez)
38.3%
X-
Men.
Krakoa (grandchild of original)
38.1%
X-
Men
Deathlok Prime (Earth-10551)
37.9%
Avengers..
Striker
37.5%
Avengers
Lightspeed
37.3%
Avengers.
Sentinel Mark IV
36.9%
X-
Men
Crosta
36.2%
Avengers
Butterball
34.2%
Avengers..
Wiz Kid
34%
Avengers
Batwing
33%
Avengers
Juston Seyfert
31.6%
Avengers.
Ricochet (Johnathon Gallo)
28.8%
Quiz Playlist
Details
Report
Send in Message
Add To Playlist
More Info:
THINK OF X-MEN, NEW MUTANTS, X-CLUB, THE LIGHTS, X-MEN STUDENTS, NEW AVENGERS, AVENGERS, SECRET AVENGERS & AVENGERS ACADEMY MEMBERS.
Classic:
Type in answers that appear in a list
Quiz Source
Last Updated: Dec 20, 2021
Quiz Scoreboard
CHALLENGE
Sign Up to Join the Scoreboard
Show All
Scores
Hide
Comments
May contain spoilers
Recently Published
Holiday 10x10 Sorting Gallery
by lukepisani3
Holiday
15m
Two Season TV Shows II
by 123Four
Television
10m
Image Sorting: Flags VI
by Barbecue
Geography
2m
More to Explore
Quiz From the Vault
Featured Blog Post
14 Easter Pick-up Lines to Find Eggs With
hide this ad
You Might Also Like...
Tags
Marvel Quiz
Avengers
Character
issue
Universe
X-Men
Today's Top Quizzes in Entertainment
Browse Entertainment
hide this ad
Today's Top Quizzes in Marvel
Browse Marvel
Top Contributed Quizzes in Entertainment
1
Marvel Classic Character Map
2
Movie-Themed Roller Coasters
3
Dragon Ball Z: Goku's Fights in Order
4
Marvel Characters Bunker
5
Sorting Pictures: Villains
6
Who stole Onew's chicken? (KPOP LOGIC QUIZ)
7
Haikyuu Logic Quiz
8
Celebrity Spelling Bee
9
JoJo's Bizarre Logic Quiz
10
Harry Styles-Are you no.1 fan
Explore More
Trending Topics
Disney
Crossword
Marvel
Harry Potter
Kpop
Anime
NBA
Country
Song
Puzzle
Soccer
WWE
The Office
Pokémon
NFL
hide this ad
More By:
Sepa
Quiz
Plays
Rating
Category
Featured
Created
Marvel Characters (A-Z)
218,232
4.22
Entertainment
May 5, 2011
Marvel: Most Published Characters 1-100
181,461
4.44
Entertainment
May 1, 2010
NBA Double-Double Averages (2000-2010)
146,214
4.30
Sports
Dec 1, 2010
DC Comics: Most Published Characters 1-100
93,407
3.97
Entertainment
Jan 3, 2011
1970s World History
91,164
4.23
History
Feb 3, 2010
Go to Creator's Profile
Score Distribution
Quiz Creator Spotlight
Sepa
Follow
Send a Message
Quizzes Created
-
Created Quiz Play Count
-
More By This Creator
Popular Quizzes Today
1
Find the US States - No Outlines Minefield
2
Colored Red Africa Blitz
3
Find the 'City' Movie
4
The Countries of the World
5
5x2 Blitz: Bands
6
Find the Countries of Europe - No Outlines Minefield
7
Find the US States
8
US States
More Entertainment Quizzes
Eurovision 2021
Quiz Lab
Trending Quizzes
Colored Red Europe Blitz I
Colored Red Europe Blitz II
Colored Red Africa Blitz II
Even More Two Season TV Shows
Colored Red Africa Blitz III
Recently Updated
Odd Team Out - Big 4 Players
pecheneg
Quick Pick: 20 Twenties
pecheneg
March Madness Men's Triple Doubles
pecheneg
How Do You Spell That?
pecheneg
Godzilla Movies
pecheneg
Grab Bag: 4-10 Letters
pecheneg
2024 March Madness Bracket
pecheneg
Famous TV Couples
Peacemaker
Champions League XIs: Real Madrid
pecheneg
Largest US Cities 1790-2010
pecheneg
Trending Topics
Disney
Marvel
Anime
Kpop
Harry Potter
NBA
Crossword
Pokémon
Soccer
The Office
Song
Puzzle
WWE
NFL
Country
Your Account Isn't Verified!
In order to create a playlist on Sporcle, you need to verify the email address you used during registration. Go to your
Sporcle Settings
to finish the process.
Report this User
Report this user for behavior that violates our
Community Guidelines
.
Details:
Send Report
Go to the Sporcle.com Mobile Site →
Comments